CONBPS (Record no. 102935)
[ view plain ]
| 000 -LEADER | |
|---|---|
| fixed length control field | 01682cam a2200289 4500 |
| 001 - CONTROL NUMBER | |
| control field | J122809 |
| 008 - FIXED-LENGTH DATA ELEMENTS--GENERAL INFORMATION | |
| fixed length control field | 030630n2003 000 0 eng u |
| 022 ## - INTERNATIONAL STANDARD SERIAL NUMBER | |
| International Standard Serial Number | 1740-7567 |
| 035 ## - SYSTEM CONTROL NUMBER | |
| System control number | (Sirsi) u122809 |
| 041 ## - LANGUAGE CODE | |
| Language code of text/sound track or separate title | eng |
| 050 ## - LIBRARY OF CONGRESS CALL NUMBER | |
| Classification number | 690.0285 |
| -- | 18 |
| 100 ## - MAIN ENTRY--PERSONAL NAME | |
| Personal name | Poon, Joanna |
| 245 ## - TITLE STATEMENT | |
| Title | CONBPS |
| Remainder of title | an expert system to improve the efficiency of the construction process |
| 260 ## - PUBLICATION, DISTRIBUTION, ETC. | |
| Place of publication, distribution, etc. | London |
| Name of publisher, distributor, etc. | RICS Foundation |
| Date of publication, distribution, etc. | 2003 |
| 490 ## - SERIES STATEMENT | |
| Series statement | RICS Foundation Research Papers |
| Volume/sequential designation | 4(21) |
| 520 ## - SUMMARY, ETC. | |
| Summary, etc. | Discusses the development a best practice process model for building projects based on the use of an expert system. The CONstruction Best Practice System (CONBPS) focusses on projects which are based on the traditional procurement strategy, using the JCT 80 standard form of contract. The model clearly identifies the sequence of construction activities. It also identifies the roles and responsibilities of the major parties on the building team and the issues within the project cycle, which can prove critical to project success. |
| 520 ## - SUMMARY, ETC. | |
| Summary, etc. | Available to download, by subscription or one-off payment, at www.rics-foundation.org. RICS members may also view the research via the public access terminals in the RICS Library - please ask Library Staff for details. |
| 650 ## - SUBJECT ADDED ENTRY--TOPICAL TERM | |
| Topical term or geographic name entry element | BEST PRACTICE |
| 650 ## - SUBJECT ADDED ENTRY--TOPICAL TERM | |
| Topical term or geographic name entry element | CONSTRUCTION BEST PRACTICE SYSTEM |
| 650 ## - SUBJECT ADDED ENTRY--TOPICAL TERM | |
| Topical term or geographic name entry element | CONSTRUCTION INDUSTRY |
| 650 ## - SUBJECT ADDED ENTRY--TOPICAL TERM | |
| Topical term or geographic name entry element | PROCUREMENT STRATEGIES |
| 690 ## - LOCAL SUBJECT ADDED ENTRY--TOPICAL TERM (OCLC, RLIN) | |
| Topical term or geographic name as entry element | MANAGEMENT-BUSINESS MANAGEMENT-INFORMATION MANAGEMENT |
| 700 ## - ADDED ENTRY--PERSONAL NAME | |
| Personal name | Potts, Keith F. |
| 700 ## - ADDED ENTRY--PERSONAL NAME | |
| Personal name | Musgrove, Peter |
| 856 ## - ELECTRONIC LOCATION AND ACCESS | |
| Uniform Resource Identifier | <a href="https://www.rics.org/site/scripts/download_info.aspx?downloadID=1510">https://www.rics.org/site/scripts/download_info.aspx?downloadID=1510</a> |
| Hours access method available | View the research on the RICS website... |
| 942 ## - ADDED ENTRY ELEMENTS (KOHA) | |
| Suppress in OPAC | 0 |
| Withdrawn status | Lost status | Source of classification or shelving scheme | Damaged status | Not for loan | Home library | Current library | Shelving location | Date acquired | Total Checkouts | Full call number | Barcode | Date last seen | Copy number | Price effective from | Koha item type |
|---|---|---|---|---|---|---|---|---|---|---|---|---|---|---|---|
| Dewey Decimal Classification | Virtual | Virtual | Online | 30/06/2003 | ONLINE PUBLICATION | 122809-1001 | 06/08/2019 | 1 | 06/08/2019 | Book |